000 00324nam a2200133Ia 4500
008 231129s1963||||xx |||||||||||||| ||spa||
040 _bspa
082 _aR 620.10202 D189t
100 _aDanowsky Horst
245 0 _aManual practico de tecnologia mecanica
260 _c1963
264 _aGustavo Gili
942 _2ddc
_cBKS
999 _c20552
_d20552